Commerce (Record no. 24866)

MARC details
000 -LEADER
fixed length control field 00275nam a2200121Ia 4500
082 ## - DEWEY DECIMAL CLASSIFICATION NUMBER
Classification number 339.1
Item number WIL
100 ## - MAIN ENTRY--AUTHOR NAME
Personal name WILLIAMS, Treharne D
245 #0 - TITLE STATEMENT
Title Commerce
250 ## - EDITION STATEMENT
Edition statement Ed.4
260 ## - PUBLICATION, DISTRIBUTION, ETC. (IMPRINT)
Place of publication London
Name of publisher Longman
Year of publication 1956
942 ## - ADDED ENTRY ELEMENTS (KOHA)
Koha item type Books
Holdings
Withdrawn status Lost status Damaged status Not for loan Home library Current library Date acquired Full call number Accession Number Koha item type
        RRII Library RRII Library 16/12/2021 339.1 WIL 05533 Books